| 000 | 00813cab a2200289 4500 | ||
|---|---|---|---|
| 001 | ABS56955 | ||
| 008 | 090401t1997 xxu||||| |||| 00| 0 eng d | ||
| 035 | _a(Sirsi) u98405 | ||
| 041 | _aeng | ||
| 100 | _aNicholson, D. | ||
| 245 | _aGreen leanings | ||
| 260 | _c1997 | ||
| 350 | _a0 | ||
| 490 |
_aEstates Gazette _v(9720) 17 May 1997, 54-55(2) |
||
| 520 | _aExamines the concept of eco-friendly offices. Describes the BRE`s Office of the Future in Watford. | ||
| 650 | _aBRE | ||
| 650 | _aBREEAM RATING | ||
| 650 | _aECO-FRIENDLY | ||
| 650 | _aENERGY EFFICIENCY | ||
| 650 | _aENVIRONMENTALLY-FRIENDLY BUILDINGS | ||
| 650 | _aNATURAL VENTILATION | ||
| 650 | _aOFFICE COSTS | ||
| 650 | _aOFFICE OF THE FUTURE | ||
| 690 | _aPROPERTY-COMMERCIAL PROPERTY | ||
| 942 | _n0 | ||
| 948 | _c28/05/1997 | ||
| 999 |
_c59802 _d59802 |
||